Begins With A, Ends With Different Letter - Statistics

General Stats
  • This quiz has been taken 141 times
  • The average score is 7 of 14
Answer Stats
Answer % Correct
Arkansas
89%
Azerbaijan
81%
Afghanistan
77%
Athens
55%
Amsterdam
52%
Austin
52%
Albany
46%
Amman
41%
Annapolis
40%
Algiers
39%
Asuncion
39%
Antananarivo
37%
Ashgabat
36%
Abu Dhabi
33%
No matching quizzes found
Score Distribution
Percent of People with Each Score
Percentile by Number Answered
Your Score History
You have not taken this quiz